EUROTRIB 81 : Tribological Processes in Contact Areas of Lubricated Solid Bodies. Vol.2/A

Na minha lista:
Detalhes bibliográficos
Formato: Livro
Idioma:inglês
Publicado em: Amsterdam : Elsevier, 1982
Assuntos:
Tags: Adicionar Tag
Sem tags, seja o primeiro a adicionar uma tag!

MARC

LEADER 00000nam a22000003a 4500
001 stu44699
005 20150408180405.3
008 950531s1982----ne------------------eng-d
020 |a 0-444-99670-2 
040 |a STU  |b slo 
041 0 |a eng 
044 |a ne 
080 |a 621.89(082) 
245 |a EUROTRIB 81 :  |b Tribological Processes in Contact Areas of Lubricated Solid Bodies. Vol.2/A 
260 |a Amsterdam :  |b Elsevier,  |c 1982 
300 |a 225 s 
650 7 |a tribológia  |2 stusub 
650 7 |a zborníky  |2 stusub 
650 7 |a trenie  |2 stusub 
650 7 |a mazanie  |2 stusub 
996 |b 284M025883  |c M*9196/2/A-1  |l MMKN  |s A  |a 24  |w stu44699_0001